00832 a2200181 45000010006000000050017000060080041000230030015000640400040000790800100001192450068002190200022002872640048003093000019003575050194003760410008005701000072005785472020260407155822.0260407a2007 arg spa dAR-UNSa-BCEJYS aAR-UNSa-BCEJYSbspacAR-UNSa-BCEJYS a711.4xOrdenación urbana. Desarrollo urbano. Áreas edificadas. Conurbaciones. Asentamientos10aEl desorden urbanoplos problemas locales de la calidad de vida a978-987-9329-24-5 1aBuenos Aires :bTemas Grupo Editorialc2007 a375 p.c22 cm. a1. Las megaciudades en la Argentina – 2. Los temas: Análisis y propuestas – 3. Gobernabilidad metropolitana: una primera aproximación a los problemas y soluciones para la Argentina. aspa1 aFundación de Investigaciones Económicas Latinoamericanas (FIEL)